<?xml version="1.0" encoding="UTF-8"?>
<record
    xmlns:xsi="http://www.w3.org/2001/XMLSchema-instance"
    xsi:schemaLocation="http://www.loc.gov/MARC21/slim http://www.loc.gov/standards/marcxml/schema/MARC21slim.xsd"
    xmlns="http://www.loc.gov/MARC21/slim">

  <leader>03876nam a22004575i 4500</leader>
  <datafield tag="999" ind1=" " ind2=" ">
    <subfield code="c">26895</subfield>
    <subfield code="d">26895</subfield>
  </datafield>
  <controlfield tag="006">a|||||o|||| 00| 0 </controlfield>
  <controlfield tag="007">cr nn 008mamaa</controlfield>
  <controlfield tag="008">211118s2021    sz |    s    |||| 0|eng d</controlfield>
  <datafield tag="020" ind1=" " ind2=" ">
    <subfield code="a">9783030789572</subfield>
    <subfield code="q">Online Resource</subfield>
  </datafield>
  <datafield tag="072" ind1=" " ind2="7">
    <subfield code="a">LBB</subfield>
    <subfield code="2">bicssc</subfield>
  </datafield>
  <datafield tag="072" ind1=" " ind2="7">
    <subfield code="a">LAW051000</subfield>
    <subfield code="2">bisacsh</subfield>
  </datafield>
  <datafield tag="072" ind1=" " ind2="7">
    <subfield code="a">LBB</subfield>
    <subfield code="2">thema</subfield>
  </datafield>
  <datafield tag="082" ind1="0" ind2="4">
    <subfield code="a">341.4</subfield>
    <subfield code="2">23</subfield>
  </datafield>
  <datafield tag="245" ind1="1" ind2="0">
    <subfield code="a">New Maritime Business</subfield>
    <subfield code="h">[electronic resource] :</subfield>
    <subfield code="b">Uncertainty, Sustainability, Technology and Big Data /</subfield>
  </datafield>
  <datafield tag="250" ind1=" " ind2=" ">
    <subfield code="a">1st ed. 2021.</subfield>
  </datafield>
  <datafield tag="260" ind1=" " ind2=" ">
    <subfield code="a">London</subfield>
    <subfield code="b">Springer</subfield>
    <subfield code="c">2022</subfield>
  </datafield>
  <datafield tag="300" ind1=" " ind2=" ">
    <subfield code="a">XVIII, 213 p. 64 illus., 50 illus. in color.</subfield>
    <subfield code="b">online resource.</subfield>
  </datafield>
  <datafield tag="490" ind1="1" ind2=" ">
    <subfield code="a">WMU Studies in Maritime Affairs,</subfield>
    <subfield code="v">10</subfield>
  </datafield>
  <datafield tag="505" ind1="0" ind2=" ">
    <subfield code="a">Introduction (Dong-Wook Song) -- Part 1: Recent Market Development -- Volatility and Uncertainty in Container Shipping Market (Jasmine Lam, Qingyao Li and Shuyi Pu) -- Containerships and Black Swans: the Impact of Disruptive Events on the Industry (Max Johns) -- COVID-19, Challenges and Responses in International Logistics (Sung-Jun Park and Eun-Soo Kim) -- Part 2: Decarbonization and Green Finance -- Container Shipping Decarbonization Pathways (Pierre Cariou and Elizabeth Lindstad) -- Green Shipping Finance: Existing Initiatives and the Road Ahead (Manolis G. Kavussanos and Dimitris A. Tsouknidis) -- Part 3: Digitalization and Maritime Big Data -- Maritime Digitalization and Strategy (Martin Jes Iversen) -- Platform Revolution in Container Shipping Markets: An Economics Perspective (Byoung-Wook Ko) -- Liner Services in Asia&#x2019;s Major Container Ports: Implications for Busan (Satya Sahoo) -- Part 4: Technology and New Business Model -- Research Developments and Debates on Maritime Autonomous Surface Ship: Synthesis and Prognosis (Tae-Eun Kim) -- New Business Models for Shipping: Innovation in the Netherlands (Albert Veenstra).</subfield>
  </datafield>
  <datafield tag="520" ind1=" " ind2=" ">
    <subfield code="a">This book provides a response to the unexpected challenges imposed on every aspect of today&#x2019;s maritime business. All chapters of this book are concerned with the single challenge facing the maritime business world &#x2013; that is, uncertainty. Each chapter deals with a specific area of the maritime business community in an effort to better understand the complicated markets, to seek for a solution of economic or financial sustainability under the pressure of climate changes, to discuss technology as an option for the future, and finally to show how to utilise the big data set for better informed decision- and policymaking that used to be unfeasible in terms of scale and capacity. It is hoped that all those endeavours are considered as the first small step towards practically transforming the industry in line with Schumpeter (1943) as well as academically changing a paradigm of thinking and scientific discovery in line with Kuhn (2012), so that the maritime industry is better informed and prepared, and can greatly contributing to human lives.</subfield>
  </datafield>
  <datafield tag="650" ind1=" " ind2="0">
    <subfield code="a">Law of the sea.</subfield>
  </datafield>
  <datafield tag="650" ind1=" " ind2="0">
    <subfield code="a">International law.</subfield>
  </datafield>
  <datafield tag="650" ind1=" " ind2="0">
    <subfield code="a">Aeronautics&#x2014;Law and legislation.</subfield>
  </datafield>
  <datafield tag="650" ind1=" " ind2="0">
    <subfield code="a">Shipping.</subfield>
  </datafield>
  <datafield tag="650" ind1=" " ind2="0">
    <subfield code="a">Big data.</subfield>
  </datafield>
  <datafield tag="650" ind1="1" ind2="4">
    <subfield code="a">Law of the Sea, Air and Outer Space.</subfield>
  </datafield>
  <datafield tag="650" ind1="2" ind2="4">
    <subfield code="a">Maritime Economics.</subfield>
  </datafield>
  <datafield tag="650" ind1="2" ind2="4">
    <subfield code="a">Big Data.</subfield>
  </datafield>
  <datafield tag="700" ind1="1" ind2=" ">
    <subfield code="a">Ko, Byoung-Wook.</subfield>
    <subfield code="e">editor.</subfield>
    <subfield code="4">edt</subfield>
    <subfield code="4">http://id.loc.gov/vocabulary/relators/edt</subfield>
  </datafield>
  <datafield tag="700" ind1="1" ind2=" ">
    <subfield code="a">Song, Dong-Wook.</subfield>
    <subfield code="e">editor.</subfield>
    <subfield code="4">edt</subfield>
    <subfield code="4">http://id.loc.gov/vocabulary/relators/edt</subfield>
  </datafield>
  <datafield tag="710" ind1="2" ind2=" ">
    <subfield code="a">SpringerLink (Online service)</subfield>
  </datafield>
  <datafield tag="773" ind1="0" ind2=" ">
    <subfield code="t">Springer Nature eBook</subfield>
  </datafield>
  <datafield tag="776" ind1="0" ind2="8">
    <subfield code="i">Printed edition:</subfield>
    <subfield code="z">9783030789565</subfield>
  </datafield>
  <datafield tag="776" ind1="0" ind2="8">
    <subfield code="i">Printed edition:</subfield>
    <subfield code="z">9783030789589</subfield>
  </datafield>
  <datafield tag="776" ind1="0" ind2="8">
    <subfield code="i">Printed edition:</subfield>
    <subfield code="z">9783030789596</subfield>
  </datafield>
  <datafield tag="830" ind1=" " ind2="0">
    <subfield code="a">WMU Studies in Maritime Affairs,</subfield>
    <subfield code="v">10</subfield>
  </datafield>
  <datafield tag="856" ind1="4" ind2="0">
    <subfield code="u">https://doi.org/10.1007/978-3-030-78957-2</subfield>
  </datafield>
  <datafield tag="942" ind1=" " ind2=" ">
    <subfield code="2">ddc</subfield>
    <subfield code="c">EBK</subfield>
  </datafield>
  <datafield tag="950" ind1=" " ind2=" ">
    <subfield code="a">Law and Criminology (SpringerNature-41177)</subfield>
  </datafield>
  <datafield tag="950" ind1=" " ind2=" ">
    <subfield code="a">Law and Criminology (R0) (SpringerNature-43727)</subfield>
  </datafield>
</record>
